000 00503nam a2200157 i 4500
001 73975
003 ES-MaACL
005 20230906171957.0
007 t|
008 040914s1967 sp ||||1| spa d
100 1 _aGonzález-Berenguer Urrutia, José Luis.
_958452
245 1 0 _aDerecho, organización y libertad /
_cJosé Luis González-Berenguer Urrutia.
260 _aAlicante :
_bCaja de Ahorros del Sureste de España,
_c1967.
300 _a181 p. ;
_c22 cm.
852 _aES-MaACL
_jG-4131
_bR.65913
999 _c73975
_d73975